|
|
|
|
| LEADER |
00000nam0a2200000 4500 |
| 001 |
320114 |
| 005 |
20231102003239.0 |
| 035 |
|
|
|a (RuTPU)RU\TPU\book\345637
|
| 090 |
|
|
|a 320114
|
| 100 |
|
|
|a 20160623d1974 km y0rusy50 ca
|
| 101 |
0 |
|
|a rus
|
| 102 |
|
|
|a RU
|
| 105 |
|
|
|a a z 001zy
|
| 200 |
1 |
|
|a Янтарь
|f В. С. Трофимов
|
| 210 |
|
|
|a Москва
|c Недра
|d 1974
|
| 215 |
|
|
|a 184 с.
|c ил.
|
| 320 |
|
|
|a Библиогр.: с. 177-183
|
| 606 |
1 |
|
|a Янтарь
|x Месторождения
|2 stltpush
|3 (RuTPU)RU\TPU\subj\21826
|9 46758
|
| 610 |
1 |
|
|a ископаемые смолы
|
| 610 |
1 |
|
|a классификация
|
| 610 |
1 |
|
|a добыча
|
| 610 |
1 |
|
|a применение
|
| 610 |
1 |
|
|a состав
|
| 610 |
1 |
|
|a строение
|
| 610 |
1 |
|
|a свойства
|
| 610 |
1 |
|
|a происхождение
|
| 610 |
1 |
|
|a распространение
|
| 675 |
|
|
|a 553.99
|v 4
|
| 700 |
|
1 |
|a Трофимов
|b В. С.
|g Владимир Сергеевич
|
| 801 |
|
1 |
|a RU
|b 63413507
|c 20160623
|
| 801 |
|
2 |
|a RU
|b 63413507
|c 20200710
|g RCR
|
| 942 |
|
|
|c BK
|